Textbook of General Virology (Record no. 758801)
[ view plain ]
| 000 -LEADER | |
|---|---|
| fixed length control field | 00569nam a22002057a 4500 |
| 003 - CONTROL NUMBER IDENTIFIER | |
| control field | OSt |
| 005 - DATE AND TIME OF LATEST TRANSACTION | |
| control field | 20260421112104.0 |
| 008 - FIXED-LENGTH DATA ELEMENTS--GENERAL INFORMATION | |
| fixed length control field | 260421b |||||||| |||| 00| 0 eng d |
| 020 ## - INTERNATIONAL STANDARD BOOK NUMBER | |
| International Standard Book Number | 9781032436180 |
| 040 ## - CATALOGING SOURCE | |
| Transcribing agency | kul |
| 082 ## - DEWEY DECIMAL CLASSIFICATION NUMBER | |
| Classification number | 579.2 SAC.T |
| 084 ## - OTHER CLASSIFICATION NUMBER | |
| Source of Number | Colon Classification |
| 245 ## - TITLE STATEMENT | |
| Title | Textbook of General Virology |
| Statement of responsibility, etc. | edited by Sachin Kumar |
| 250 ## - EDITION STATEMENT | |
| Edition statement | 1st ed. |
| 260 ## - PUBLICATION, DISTRIBUTION, ETC. | |
| Place of publication, distribution, etc. | Boca Raron: |
| Name of publisher, distributor, etc. | CRC Press, |
| Date of publication, distribution, etc. | 2025. |
| 300 ## - PHYSICAL DESCRIPTION | |
| Extent | viii, 196 p. : |
| Other physical details | ill. ; |
| 504 ## - BIBLIOGRAPHY, ETC. NOTE | |
| Bibliography, etc. note | include bibliographical references (p.189-196) |
| 650 ## - SUBJECT ADDED ENTRY--TOPICAL TERM | |
| Topical term or geographic name entry element | Virology. |
| 9 (RLIN) | 13482 |
| 942 ## - ADDED ENTRY ELEMENTS (KOHA) | |
| Source of classification or shelving scheme | Dewey Decimal Classification |
| Koha item type | Book |
| Withdrawn status | Lost status | Source of classification or shelving scheme | Damaged status | Not for loan | Collection code | Home library | Current library | Shelving location | Date acquired | Total Checkouts | Full call number | Barcode | Date last seen | Price effective from | Koha item type |
|---|---|---|---|---|---|---|---|---|---|---|---|---|---|---|---|
| Dewey Decimal Classification | Non-fiction | Campus Library Kariavattom | Campus Library Kariavattom | General Stacks | 21/04/2026 | 579.2 SAC.T | UCL35789 | 21/04/2026 | 21/04/2026 | Book |
